[Event "17. Bayer Open"]
[Site "Leverkusen"]
[Date "2019.03.11"]
[Round "6.32"]
[White "Kamphausen, Johannes-Dieter"]
[Black "Schläbitz, Joel"]
[Result "0-1"]
[WhiteElo "1884"]
[BlackElo "1632"]
[PlyCount "118"]
[EventDate "2019.??.??"]
[WhiteTeam "SV Springer Hitdorf"]
[BlackTeam "SF Köln-Longerich"]

1. e4 d6 2. d4 g6 3. Nc3 Nf6 4. Nf3 Bg7 5. Bf4 Bg4 6. Qd2 a6 7. Be2 Nbd7 8. h3
Bxf3 9. Bxf3 e5 10. Be3 O-O 11. d5 b5 12. h4 h5 13. Bg5 Nc5 14. b4 Ncd7 15. O-O
Qc8 16. Rfd1 Nb6 17. a4 Nh7 18. axb5 Nc4 19. Qe2 Nxg5 20. hxg5 axb5 21. Rxa8
Qxa8 22. Nxb5 Nb2 23. Rc1 Qb7 24. c3 Na4 25. Ra1 Ra8 26. Qc4 Nb6 27. Rxa8+ Nxa8
28. Be2 Kf8 29. Qa2 Ke7 30. Qa5 f6 31. gxf6+ Bxf6 32. Na7 Kf7 33. Nc6 Ke8 34.
Bb5 Kf7 35. Na7 Nb6 36. Bc6 Qb8 37. Qa6 g5 38. Bb7 g4 39. Nc6 Qg8 40. Qd3 Qg5
41. Ba6 Qc1+ 42. Kh2 Bg5 43. Bb5 Qb2 44. Na5 Qxf2 45. Qf1 Bf4+ 46. Kh1 Qh4+ 47.
Kg1 g3 48. Qf3 Kg6 49. Be8+ Kg5 50. Kf1 Qh1+ 51. Ke2 Nc8 52. Nb7 Ne7 53. Nd8
Ng6 54. Ne6+ Kh6 55. Bxg6 Kxg6 56. Nxf4+ exf4 57. Kd3 Qb1+ 58. Kd4 Qc2 59. Kc4
Qf2 0-1

[Event "17. Bayer Open"]
[Site "Leverkusen"]
[Date "2019.03.11"]
[Round "6.33"]
[White "Balduan, Karl-Heinz"]
[Black "Vulic, Goran"]
[Result "0-1"]
[WhiteElo "1601"]
[BlackElo "2067"]
[PlyCount "40"]
[EventDate "2019.??.??"]
[WhiteTeam "Königsspringer Leverkusen"]
[BlackTeam "Brühler SK"]

1. d4 d5 2. Nf3 Nf6 3. e3 Bg4 4. Be2 e6 5. O-O Bd6 6. Ne5 Bf5 7. Nd2 Nbd7 8. f4
c5 9. c3 c4 10. b3 cxb3 11. axb3 O-O 12. Bb2 Ne4 13. c4 Bxe5 14. fxe5 Qg5 15.
Rf4 f6 16. Nf3 Qh6 17. cxd5 g5 18. Rxf5 exf5 19. e6 g4 20. Nd2 Qxe3+ 0-1

[Event "17. Bayer Open"]
[Site "Leverkusen"]
[Date "2019.03.11"]
[Round "6.34"]
[White "Friedsam, Manfred"]
[Black "Plitzner, Hans Joachim"]
[Result "1-0"]
[WhiteElo "1963"]
[BlackElo "1667"]
[PlyCount "67"]
[EventDate "2019.??.??"]
[WhiteTeam "Königsspringer Leverkusen"]
[BlackTeam "Kölner SK Dr. Lasker"]

1. e4 c6 2. d4 d5 3. e5 Bf5 4. Nc3 e6 5. g4 Bg6 6. Nge2 f6 7. Nf4 Bf7 8. Nd3
Nd7 9. Qe2 Qb6 10. f4 O-O-O 11. a3 h5 12. Be3 hxg4 13. Qxg4 Nh6 14. Qg1 Nf5 15.
O-O-O Be7 16. Be2 Rh7 17. b4 Rdh8 18. Na4 Qc7 19. Bd2 b6 20. Re1 a5 21. Nab2
Qa7 22. a4 b5 23. Nc5 bxa4 24. Nbd3 Nxc5 25. dxc5 axb4 26. Bxb4 Kd7 27. Kd2 Bd8
28. Ra1 Ba5 29. c3 Bxb4 30. Nxb4 Rb8 31. Bg4 Bg6 32. Bxf5 Bxf5 33. Qd4 Rh3 34.
exf6 1-0

[Event "17. Bayer Open"]
[Site "Leverkusen"]
[Date "2019.03.11"]
[Round "6.35"]
[White "Axmann, Michael"]
[Black "Stuch, Hans-Ferdinand"]
[Result "1/2-1/2"]
[WhiteElo "1845"]
[BlackElo "1667"]
[PlyCount "34"]
[EventDate "2019.??.??"]
[WhiteTeam "SC Bayer Leverkusen"]
[BlackTeam "Godesberger SK"]

1. d4 d5 2. Nf3 e6 3. e3 Bd6 4. c4 c6 5. Nc3 Nf6 6. Qc2 O-O 7. b3 Nbd7 8. Bd3
Re8 9. O-O e5 10. dxe5 Nxe5 11. Nxe5 Bxe5 12. h3 Ne4 13. Bxe4 dxe4 14. Bb2 Qh4
15. f4 exf3 16. Rxf3 g6 17. Qf2 Qxf2+ 1/2-1/2

[Event "17. Bayer Open"]
[Site "Leverkusen"]
[Date "2019.03.11"]
[Round "6.37"]
[White "Meyer, Stefan"]
[Black "Wehr, Günter"]
[Result "1-0"]
[WhiteElo "1783"]
[BlackElo "1646"]
[PlyCount "31"]
[EventDate "2019.??.??"]
[WhiteTeam "Ratinger SK"]
[BlackTeam "SV Opladen"]

1. d4 d5 2. c4 Nf6 3. cxd5 Qxd5 4. Nc3 Qd8 5. e4 e6 6. Nf3 Bb4 7. Bd3 Nc6 8. a3
Bxc3+ 9. bxc3 O-O 10. e5 Nd5 11. Bxh7+ Kxh7 12. Ng5+ Kg6 13. h4 f6 14. h5+ Kf5
15. Qd3+ Kg4 16. Qe2+ 1-0

[Event "17. Bayer Open"]
[Site "Leverkusen"]
[Date "2019.03.11"]
[Round "6.38"]
[White "Weirich, Ralf"]
[Black "Kronseder, Michael"]
[Result "1/2-1/2"]
[WhiteElo "1462"]
[BlackElo "1752"]
[PlyCount "36"]
[EventDate "2019.??.??"]
[WhiteTeam "TV Witzhelden"]
[BlackTeam "SV Hürth-Berrenrath"]

1. e4 e6 2. d4 d5 3. e5 c5 4. c3 Nc6 5. Nf3 Bd7 6. Bd3 Qb6 7. Bc2 cxd4 8. cxd4
Rc8 9. Nc3 Nh6 10. Na4 Qa5+ 11. Bd2 Bb4 12. Nc5 Bxd2+ 13. Qxd2 Qxd2+ 14. Kxd2
Nb4 15. Rhc1 Nxc2 16. Nxd7 Kxd7 17. Rxc2 Rxc2+ 18. Kxc2 Rc8+ 1/2-1/2

[Event "17. Bayer Open"]
[Site "Leverkusen"]
[Date "2019.03.11"]
[Round "6.39"]
[White "Nölle, Nathalie"]
[Black "Hasanovic, Huzeir"]
[Result "0-1"]
[WhiteElo "1322"]
[BlackElo "1692"]
[PlyCount "56"]
[EventDate "2019.??.??"]
[WhiteTeam "Königsspringer Leverkusen"]
[BlackTeam "SV Opladen"]

1. d4 Nf6 2. Bf4 g6 3. Nc3 Bg7 4. e4 d6 5. Nf3 Nbd7 6. Qd2 h6 7. h4 c5 8. d5
Nh5 9. Be3 a6 10. g4 Nhf6 11. Bh3 b5 12. Bxh6 Bxh6 13. g5 Bg7 14. gxf6 Nxf6 15.
Ng5 b4 16. Ne2 Bh6 17. Bg2 Ng4 18. f4 Bg7 19. Rb1 a5 20. c4 a4 21. a3 Rb8 22.
axb4 cxb4 23. Qd3 Qb6 24. Qf3 b3 25. f5 Ne5 26. Qf1 Nd3+ 27. Kd2 Nxb2 28. Nc3
Qd4+ 0-1

[Event "17. Bayer Open"]
[Site "Leverkusen"]
[Date "2019.03.11"]
[Round "6.40"]
[White "Kinnert, Reinhard"]
[Black "Ramien, Dina"]
[Result "1/2-1/2"]
[WhiteElo "1676"]
[BlackElo "1548"]
[PlyCount "115"]
[EventDate "2019.??.??"]
[WhiteTeam "TV Witzhelden"]
[BlackTeam "SG Porz"]

1. e4 c5 2. c4 d6 3. Nc3 Nf6 4. Be2 Nc6 5. f4 e6 6. Nf3 Be7 7. O-O O-O 8. d4
cxd4 9. Nxd4 Qb6 10. Be3 Nxd4 11. Bxd4 Qc6 12. e5 Ne4 13. Qd3 Nxc3 14. Qxc3 d5
15. b4 dxc4 16. a4 Rd8 17. b5 Qd5 18. Ra2 Qxd4+ 19. Qxd4 Rxd4 20. Rc2 Bc5 21.
Kh1 b6 22. Bxc4 Bb7 23. h4 Rad8 24. Kh2 Rd2 25. Rxd2 Rxd2 26. Rc1 Bxg2 27. Kg3
Bd5 28. Bf1 h5 29. f5 Rd4 30. Be2 Rxa4 31. fxe6 Bxe6 32. Bxh5 Ra3+ 33. Kg2 Bd5+
34. Kh2 Bf3 35. Bxf3 Rxf3 36. Rd1 Kf8 37. Rd7 Ra3 38. h5 Be3 39. Kg3 Ra5 40.
Kf3 Bc5 41. Ke4 Rxb5 42. Rxa7 Rb1 43. Kd5 Re1 44. Ra8+ Ke7 45. Ra7+ Kd8 46.
Rxf7 Rd1+ 47. Ke6 Rg1 48. Rf5 Bd4 49. Kd5 Be3 50. Kd6 Ke8 51. Ke6 Bd4 52. Kd5
Be3 53. Rf3 Bc5 54. Rf5 Ke7 55. Rf3 Rg5 56. Rh3 Bf2 57. h6 gxh6 58. Rxh6
1/2-1/2

[Event "17. Bayer Open"]
[Site "Leverkusen"]
[Date "2019.03.11"]
[Round "6.41"]
[White "Elsweiler, Karl-Heinz"]
[Black "Fröhling, Ewald"]
[Result "1-0"]
[WhiteElo "1738"]
[BlackElo "1776"]
[PlyCount "73"]
[EventDate "2019.??.??"]
[WhiteTeam "SV Opladen"]
[BlackTeam "Pulheimer SC"]

1. b4 d5 2. Bb2 Nf6 3. e3 e6 4. b5 c5 5. Nf3 Nbd7 6. a4 Bd6 7. Be2 O-O 8. O-O
Qc7 9. h3 b6 10. d3 Bb7 11. Nbd2 Rfe8 12. c4 Rac8 13. Rc1 h6 14. d4 Qb8 15.
cxd5 exd5 16. dxc5 bxc5 17. Nb3 Ne4 18. Na5 Ba8 19. Rc2 Qb6 20. Nc6 Bxc6 21.
bxc6 Ndf6 22. Bxf6 Nxf6 23. Qa1 Re7 24. Rb1 Qxc6 25. Nd4 Qa8 26. Nf5 Re6 27.
Ba6 Rc7 28. Nxd6 Rxd6 29. Rcb2 Kh7 30. Bd3+ g6 31. Rb8 Qc6 32. h4 c4 33. Bc2 h5
34. Rf8 Rc8 35. Rxf7+ Kh6 36. Rbb7 Rh8 37. Qd4 1-0

[Event "17. Bayer Open"]
[Site "Leverkusen"]
[Date "2019.03.11"]
[Round "6.43"]
[White "Shelukie, Magd"]
[Black "Teuber, Alfons"]
[Result "1-0"]
[WhiteElo "1607"]
[BlackElo "1212"]
[PlyCount "71"]
[EventDate "2019.??.??"]
[BlackTeam "BSW Opladen"]

1. e4 e5 2. d4 exd4 3. c3 dxc3 4. Nxc3 Bb4 5. Bc4 Bxc3+ 6. bxc3 Nc6 7. Qb3 Qe7
8. Bd5 Na5 9. Qa4 Nc6 10. Nf3 a6 11. Ba3 b5 12. Qb3 Na5 13. Qb2 Nc4 14. Bxc4
Qxe4+ 15. Be2 d6 16. O-O Nf6 17. Rfe1 O-O 18. Bxb5 Qb7 19. Bd3 Qxb2 20. Bxb2
Rb8 21. Rab1 Rb6 22. c4 Be6 23. Bxf6 g6 24. Rxb6 cxb6 25. Be7 Rc8 26. Bxd6 Bxc4
27. Bxc4 Rxc4 28. Be5 h6 29. Bf6 Rc8 30. h4 b5 31. Re7 Kf8 32. Ne5 Rc1+ 33. Kh2
Rd1 34. Rxf7+ Ke8 35. Re7+ Kf8 36. Nxg6+ 1-0

[Event "17. Bayer Open"]
[Site "Leverkusen"]
[Date "2019.03.11"]
[Round "6.44"]
[White "Breuer, Achim"]
[Black "Klees, Robert"]
[Result "1-0"]
[WhiteElo "1552"]
[BlackElo "1588"]
[PlyCount "83"]
[EventDate "2019.??.??"]
[WhiteTeam "SV Dormagen"]
[BlackTeam "SF Düsseldorf-Süd"]

1. d4 c5 2. d5 Nf6 3. c4 b5 4. b3 bxc4 5. bxc4 d6 6. f3 g6 7. Bb2 Bg7 8. e4 O-O
9. Bd3 e5 10. Ne2 Nbd7 11. Nbc3 Ba6 12. O-O Nb6 13. Nb5 Qe7 14. a4 Rfb8 15. Bc1
Bc8 16. a5 Nbd7 17. Nc7 Nh5 18. Nxa8 Rxa8 19. Rb1 Nb8 20. Bd2 Qf8 21. Nc3 f5
22. Nb5 Qd8 23. exf5 a6 24. Nc3 gxf5 25. Qc2 Qf6 26. g3 Qg6 27. Kf2 Nf6 28. g4
e4 29. fxe4 Nxg4+ 30. Ke2 Nxh2 31. Rg1 Qh5+ 32. Kf2 Qf3+ 33. Ke1 Qh5 34. Be2
Qh4+ 35. Kd1 fxe4 36. Qa4 Bd7 37. Rxb8+ Rxb8 38. Qxd7 Qf6 39. Qe6+ Qf7 40. Qxe4
Kf8 41. Bf4 Bxc3 42. Bxd6+ 1-0

[Event "17. Bayer Open"]
[Site "Leverkusen"]
[Date "2019.03.11"]
[Round "6.46"]
[White "Holz, Peter"]
[Black "Nölle, Michael"]
[Result "1-0"]
[WhiteElo "1488"]
[BlackElo "1495"]
[PlyCount "65"]
[EventDate "2019.??.??"]
[WhiteTeam "Pulheimer SC"]
[BlackTeam "Königsspringer Leverkusen"]

1. e4 Nc6 2. Nf3 e5 3. Bc4 d6 4. h3 h6 5. Nc3 Nf6 6. Nd5 Nxe4 7. d3 Nf6 8. Be3
Be6 9. Nxf6+ Qxf6 10. Nd2 a6 11. Ne4 Qg6 12. Ng3 d5 13. Bb3 d4 14. Bd2 O-O-O
15. O-O h5 16. Ne4 Bxh3 17. Qf3 Bf5 18. Ng5 Rd7 19. Rae1 Bg4 20. Qg3 Bd6 21.
Qh4 Rf8 22. Bd5 Ne7 23. Be4 f5 24. f3 fxe4 25. fxg4 Rxf1+ 26. Rxf1 e3 27. Be1
hxg4 28. Rf8+ Rd8 29. Qxg4+ Nf5 30. Rxf5 Kb8 31. Bh4 Rh8 32. Qe4 Qh5 33. Nf3
1-0

[Event "17. Bayer Open"]
[Site "Leverkusen"]
[Date "2019.03.11"]
[Round "6.48"]
[White "Kolleck, Wolf-Dietrich"]
[Black "Ramien, Hannah"]
[Result "1/2-1/2"]
[WhiteElo "1568"]
[BlackElo "1280"]
[PlyCount "46"]
[EventDate "2019.??.??"]
[WhiteTeam "SC Bayer Leverkusen"]
[BlackTeam "SG Porz"]

1. d4 d5 2. c4 e6 3. Nc3 Nf6 4. cxd5 exd5 5. Bg5 Be7 6. e3 O-O 7. Bd3 b6 8. a3
Bb7 9. Nge2 c5 10. O-O h6 11. Bf4 Nc6 12. Rc1 Rc8 13. Qd2 c4 14. Bb1 Na5 15.
Qc2 Nb3 16. Rce1 Bd6 17. f3 Re8 18. Bxd6 Qxd6 19. Ng3 g6 20. Qf2 Kg7 21. Rd1
Rcd8 22. Rfe1 Bc8 23. Bc2 Rh8 1/2-1/2

[Event "17. Bayer Open"]
[Site "Leverkusen"]
[Date "2019.03.11"]
[Round "6.50"]
[White "Roder, Stephan"]
[Black "Kratz, Claudia"]
[Result "1-0"]
[WhiteElo "1474"]
[BlackElo "951"]
[PlyCount "135"]
[EventDate "2019.??.??"]
[WhiteTeam "Bergische SF"]
[BlackTeam "Brühler SK"]

1. d4 d5 2. Nf3 Nf6 3. Bf4 Nc6 4. e3 Ne4 5. h3 Bf5 6. c3 e6 7. Bb5 Bd6 8. Qa4
O-O 9. Bxd6 Qxd6 10. Nbd2 e5 11. Bxc6 Qxc6 12. Qxc6 bxc6 13. Nxe5 c5 14. g4 Be6
15. f3 Nxd2 16. Kxd2 c4 17. f4 f6 18. Nf3 Rab8 19. Rhb1 Rb6 20. b4 Rfb8 21. Kc1
Bd7 22. Nd2 h6 23. Rb2 a5 24. a3 f5 25. gxf5 Bxf5 26. h4 a4 27. Nf3 Kf7 28.
Ne5+ Kg8 29. Rg2 Bh3 30. Rg3 Bf5 31. Kd2 Re8 32. Rag1 Re7 33. h5 Kh7 34. Ng6
Rf7 35. Nh4 Kg8 36. Nxf5 Rxf5 37. Rxg7+ Kf8 38. Rg8+ Ke7 39. R1g7+ Rf7 40. Rg3
Rbf6 41. Rc8 Kd6 42. Rgg8 Kc6 43. Ra8 Kb5 44. Ra5+ Kc6 45. Rc5+ Kd7 46. Rxd5+
Rd6 47. Rc5 Ke6 48. Rg6+ Rf6 49. f5+ Kf7 50. Rxc7+ Ke8 51. Rg8+ Rf8 52. Rc8+
Rd8 53. Rxd8+ Kxd8 54. Rxf8+ Ke7 55. Rg8 Kf6 56. e4 Ke7 57. Rg6 Kf7 58. e5 Ke7
59. Rg7+ Kf8 60. f6 Ke8 61. e6 Kd8 62. e7+ Ke8 63. Rg8+ Kf7 64. Rf8+ Ke6 65.
e8=Q+ Kf5 66. Qe5+ Kg4 67. Rg8+ Kf3 68. Qe3# 1-0

[Event "17. Bayer Open"]
[Site "Leverkusen"]
[Date "2019.03.25"]
[Round "7.1"]
[White "Heller, Achim"]
[Black "Balduan, Markus"]
[Result "0-1"]
[WhiteElo "2044"]
[BlackElo "2312"]
[PlyCount "86"]
[EventDate "2019.??.??"]
[WhiteTeam "SG Ennepe-Ruhr-Süd"]
[BlackTeam "TV Witzhelden"]

1. d4 d5 2. c4 e6 3. cxd5 exd5 4. Nc3 c6 5. Qc2 Bd6 6. Nf3 Ne7 7. Bg5 f6 8. Bh4
Bf5 9. Qd2 Nd7 10. Bg3 Nb6 11. e3 O-O 12. Nh4 Be6 13. Bd3 g6 14. O-O Bxg3 15.
hxg3 Qd7 16. a4 a5 17. Rfb1 g5 18. Nf3 Bf5 19. Qc2 Bxd3 20. Qxd3 Qd6 21. Nd2
Kg7 22. b3 h5 23. Nf1 Rh8 24. Ne2 Qd7 25. Nd2 h4 26. gxh4 Rxh4 27. Ng3 Rah8 28.
Nf3 R4h6 29. Kf1 g4 30. Nd2 f5 31. Ke2 Qe6 32. Kd1 Rh2 33. b4 Nc4 34. bxa5 Rxg2
35. Rxb7 Rxf2 36. Nxc4 dxc4 37. Qa3 Kf7 38. a6 f4 39. Rxe7+ Qxe7 40. Qxe7+ Kxe7
41. exf4 Rf3 42. Nf5+ Kf6 43. a7 Kxf5 0-1

[Event "17. Bayer Open"]
[Site "Leverkusen"]
[Date "2019.03.25"]
[Round "7.2"]
[White "Mohaupt, Sascha"]
[Black "Ramien, David"]
[Result "0-1"]
[WhiteElo "2161"]
[BlackElo "2119"]
[PlyCount "66"]
[EventDate "2019.??.??"]
[WhiteTeam "SV Wermelskirchen"]
[BlackTeam "SG Porz"]

1. e4 c5 2. Nc3 Nc6 3. f4 g6 4. Nf3 Bg7 5. Bb5 Nd4 6. O-O Nxb5 7. Nxb5 d5 8. e5
d4 9. c3 a6 10. Na3 Nh6 11. cxd4 cxd4 12. d3 O-O 13. Nc2 f6 14. Qe2 Bg4 15. h3
Bxf3 16. Rxf3 fxe5 17. fxe5 Qd5 18. Rxf8+ Rxf8 19. Ne1 Nf5 20. Bf4 g5 21. Bh2
Ne3 22. Nf3 Rc8 23. Ne1 Bxe5 24. Bxe5 Qxe5 25. Qd2 Rf8 26. Nc2 g4 27. Nxe3 dxe3
28. Qe2 gxh3 29. Qg4+ Kh8 30. d4 Qf6 31. Qxh3 e2 32. Qe3 Qf1+ 33. Kh2 Qxa1 0-1

[Event "17. Bayer Open"]
[Site "Leverkusen"]
[Date "2019.03.25"]
[Round "7.3"]
[White "Gramb, Marius"]
[Black "Bruchmann, Norbert"]
[Result "1-0"]
[WhiteElo "2145"]
[BlackElo "2104"]
[PlyCount "130"]
[EventDate "2019.??.??"]
[WhiteTeam "Brühler SK"]
[BlackTeam "SG Ennepe-Ruhr-Süd"]

1. e4 e6 2. d4 d5 3. Nd2 Nc6 4. Ngf3 Nf6 5. e5 Nd7 6. c3 f6 7. exf6 Qxf6 8. Bb5
Bd6 9. Qe2 O-O 10. O-O e5 11. Bxc6 bxc6 12. dxe5 Nxe5 13. Nxe5 Qxe5 14. Qxe5
Bxe5 15. Nf3 Bd6 16. Be3 Bg4 17. Nd2 c5 18. Nb3 c4 19. Nd4 a5 20. Nb5 Rab8 21.
Nxd6 cxd6 22. f3 Bf5 23. Rf2 a4 24. a3 Bd3 25. Re1 h6 26. g4 Rb7 27. Kg2 Kf7
28. Bf4 Rb6 29. h4 Re8 30. Rxe8 Kxe8 31. Kg3 Kd7 32. h5 Ke6 33. Be3 Rb7 34. Bd4
Kf7 35. Be3 Re7 36. Bf4 Re6 37. Kg2 Ke7 38. Kg3 Re1 39. Kg2 Ke6 40. Bd2 Rb1 41.
Be3 Kf7 42. Bf4 Ke7 43. Be3 Re1 44. Bd4 Kf7 45. Kg3 Rg1+ 46. Rg2 Re1 47. Kf4
Rh1 48. Kg3 Rb1 49. Kf4 g6 50. hxg6+ Kxg6 51. Rh2 Rf1 52. Kg3 Rb1 53. Be3 h5
54. gxh5+ Kh7 55. Bf4 Rg1+ 56. Rg2 Rxg2+ 57. Kxg2 Kg7 58. Kg3 Kf6 59. Kg4 Bf5+
60. Kh4 Bh7 61. Bxd6 Kf5 62. Bc7 Bg8 63. h6 Bh7 64. Bd6 Bg6 65. Kg3 Ke6 1-0

[Event "17. Bayer Open"]
[Site "Leverkusen"]
[Date "2019.03.25"]
[Round "7.4"]
[White "Marcziter, Dmitrii"]
[Black "ter Steeg, Marcus"]
[Result "1-0"]
[WhiteElo "2233"]
[BlackElo "2068"]
[PlyCount "79"]
[EventDate "2019.??.??"]
[WhiteTeam "DJK Aufwärts Aachen"]
[BlackTeam "SF Essen-Werden"]

1. d4 Nf6 2. c4 g6 3. Nf3 Bg7 4. g3 O-O 5. Bg2 d6 6. Nc3 Nc6 7. O-O a6 8. d5
Na5 9. Nd2 c5 10. Qc2 b5 11. cxb5 axb5 12. Nxb5 Qb6 13. Nc3 Bf5 14. e4 Bc8 15.
h3 Ba6 16. Re1 Nd7 17. Bf1 Bxf1 18. Rxf1 Ne5 19. Kg2 c4 20. Rb1 Qa6 21. Nf3
Nxf3 22. Kxf3 f5 23. Kg2 fxe4 24. Qxe4 Qb7 25. Be3 Rf5 26. Rfd1 Re5 27. Qg4 Rf8
28. Kg1 Ref5 29. Ne4 Kh8 30. Nc3 Kg8 31. Ne2 Kh8 32. Nf4 Be5 33. Ne6 Rg8 34.
Qe4 Qb5 35. f4 Bg7 36. Nxg7 Kxg7 37. Qxe7+ Kh6 38. g4 Rff8 39. g5+ Kh5 40.
Qxh7# 1-0

[Event "17. Bayer Open"]
[Site "Leverkusen"]
[Date "2019.03.25"]
[Round "7.5"]
[White "Peters, Alex"]
[Black "Ljuboschiz, Alexander"]
[Result "1-0"]
[WhiteElo "2140"]
[BlackElo "1983"]
[PlyCount "81"]
[EventDate "2019.??.??"]
[WhiteTeam "Brühler SK"]
[BlackTeam "SC Tornado Hochneukirch"]

1. b3 e5 2. Bb2 Nc6 3. e3 d5 4. Bb5 Bd6 5. Nf3 f6 6. c4 dxc4 7. Bxc4 Nge7 8.
Nc3 Na5 9. Be2 O-O 10. O-O Nac6 11. d4 exd4 12. Nxd4 Nxd4 13. Qxd4 Nc6 14. Qh4
Ne5 15. Rad1 Ng6 16. Qc4+ Kh8 17. Nb5 Qe7 18. Nxd6 cxd6 19. Qb4 Rd8 20. Ba3 b6
21. Rxd6 Bb7 22. Rfd1 Rxd6 23. Qxd6 Qxd6 24. Bxd6 Rc8 25. Bc7 Kg8 26. Rd8+ Kf7
27. Rxc8 Bxc8 28. f3 Ne7 29. Kf2 Nd5 30. Bb8 a5 31. Ba7 Be6 32. Bd3 Ke7 33.
Bxh7 Nc3 34. Bxb6 Nxa2 35. Bxa5 Bxb3 36. Bd2 Be6 37. Bb1 Kd6 38. g4 Kc5 39. Kg3
Bb3 40. Kf4 Be6 41. g5 1-0

[Event "17. Bayer Open"]
[Site "Leverkusen"]
[Date "2019.03.25"]
[Round "7.6"]
[White "Peschel, Andreas"]
[Black "Claßen, Harald"]
[Result "1-0"]
[WhiteElo "2110"]
[BlackElo "2013"]
[PlyCount "78"]
[EventDate "2019.??.??"]
[WhiteTeam "SG Solingen"]
[BlackTeam "SC Bayer Leverkusen"]

1. d4 Nf6 2. Nf3 d5 3. e3 e6 4. Bd3 c5 5. b3 Nc6 6. a3 Be7 7. O-O O-O 8. Nbd2
cxd4 9. exd4 Qc7 10. Bb2 Rd8 11. Qe2 Bd7 12. c4 Be8 13. Rac1 Rac8 14. Ne5 dxc4
15. Rxc4 Qb8 16. Ndf3 Rd5 17. Nxc6 Bxc6 18. Ne5 Be8 19. Rfc1 Rcd8 20. R4c2 b5
21. Kh1 Bd6 22. f4 Qb7 23. Qf3 Qe7 24. Qh3 g6 25. b4 a5 26. bxa5 Bxa3 27. Rc7
Bxb2 28. Rxe7 Bxc1 29. Qh4 Kg7 30. Nf3 b4 31. Ng5 R5d6 32. Qh3 Kf8 33. Rb7 Bxf4
34. Nxh7+ Nxh7 35. Qxh7 R6d7 36. Rxb4 Be3 37. Qh8+ Ke7 38. Qh3 Bxd4 39. Rb1 Bf6
1-0

[Event "17. Bayer Open"]
[Site "Leverkusen"]
[Date "2019.03.25"]
[Round "7.7"]
[White "Hansel, Rainer"]
[Black "Werbeck, Torsten"]
[Result "1/2-1/2"]
[WhiteElo "1948"]
[BlackElo "2053"]
[PlyCount "72"]
[EventDate "2019.??.??"]
[WhiteTeam "SF Köln-Longerich"]
[BlackTeam "Elberfelder SG"]

1. c4 Nf6 2. Nc3 c5 3. g3 g6 4. Bg2 Bg7 5. e4 Nc6 6. Nge2 O-O 7. O-O d6 8. d3
Rb8 9. h3 a6 10. a4 Nd4 11. Be3 Ne8 12. Rb1 Bd7 13. b4 b6 14. Kh2 e6 15. f4 f5
16. b5 axb5 17. axb5 e5 18. Bxd4 exd4 19. Nd5 Nc7 20. Ra1 Nxd5 21. exd5 Ra8 22.
Ng1 Rxa1 23. Qxa1 Qa8 24. Nf3 Bf6 25. Kg1 Re8 26. Kf2 Qb7 27. Qb2 Ra8 28. Ra1
Ra7 29. Nd2 Qa8 30. Nb3 Ra4 31. Bf3 Kf7 32. Bd1 Kg7 33. Bf3 Kf7 34. Kf1 Kg7 35.
Kf2 Kf7 36. Kf1 Kg7 1/2-1/2

[Event "17. Bayer Open"]
[Site "Leverkusen"]
[Date "2019.03.25"]
[Round "7.8"]
[White "Raupach, Gregor"]
[Black "Meyer-Kahlen, Stefan"]
[Result "1/2-1/2"]
[WhiteElo "1876"]
[BlackElo "1941"]
[PlyCount "53"]
[EventDate "2019.??.??"]
[WhiteTeam "SF Stadtverwaltung Bonn"]
[BlackTeam "SC Erkrath"]

1. d4 Nf6 2. c4 g6 3. Nc3 Bg7 4. e4 d6 5. f3 O-O 6. Be3 Nc6 7. Nge2 a6 8. Qd2
Rb8 9. d5 Na5 10. Nd4 c5 11. Nc2 e6 12. e5 Ne8 13. exd6 Nxd6 14. Na3 Naxc4 15.
Nxc4 Nxc4 16. Bxc4 Qh4+ 17. g3 Qxc4 18. d6 Rd8 19. Rc1 Bd4 20. Ne4 Bxe3 21.
Qxe3 Qb4+ 22. Rc3 f5 23. Qg5 Bd7 24. Nf6+ Kg7 25. Nh5+ Kg8 26. Nf6+ Kg7 27.
Nh5+ 1/2-1/2

[Event "17. Bayer Open"]
[Site "Leverkusen"]
[Date "2019.03.25"]
[Round "7.9"]
[White "Stillger, Bernhard"]
[Black "Henseler, Klaus"]
[Result "1-0"]
[WhiteElo "2228"]
[BlackElo "1784"]
[PlyCount "51"]
[EventDate "2019.??.??"]
[WhiteTeam "SV Mülheim-Nord"]
[BlackTeam "SC Bayer Leverkusen"]

1. d4 Nf6 2. c4 g6 3. Nc3 Bg7 4. e4 d6 5. h3 O-O 6. Bg5 Na6 7. Bd3 Qe8 8. Nge2
e5 9. d5 c6 10. Qd2 cxd5 11. cxd5 Nc5 12. Bc2 a5 13. O-O Bd7 14. a3 a4 15. Ng3
Kh8 16. f4 Ng8 17. f5 f6 18. Be3 b6 19. h4 Rf7 20. Rf3 Qf8 21. Qd1 Qe8 22. Qf1
Rc8 23. fxg6 hxg6 24. h5 Rf8 25. hxg6 Qxg6 26. Nf5 1-0

[Event "17. Bayer Open"]
[Site "Leverkusen"]
[Date "2019.03.25"]
[Round "7.10"]
[White "Kuhn, Andreas"]
[Black "Sohlmann, Jan-Henning"]
[Result "1/2-1/2"]
[WhiteElo "1973"]
[BlackElo "2185"]
[PlyCount "41"]
[EventDate "2019.??.??"]
[WhiteTeam "SG Niederkassel"]
[BlackTeam "SV Welper"]

1. Nf3 Nf6 2. g3 b5 3. Bg2 Bb7 4. O-O e6 5. d3 d6 6. e4 c5 7. Nbd2 Nbd7 8. Re1
Qc7 9. c3 Be7 10. a4 a6 11. axb5 axb5 12. Rxa8+ Bxa8 13. Qb3 Bc6 14. d4 c4 15.
Qc2 e5 16. b3 cxb3 17. Qxb3 O-O 18. Ba3 Ra8 19. Ng5 Rf8 20. Ngf3 Nb6 21. d5
1/2-1/2

[Event "17. Bayer Open"]
[Site "Leverkusen"]
[Date "2019.03.25"]
[Round "7.13"]
[White "Bär, Marco"]
[Black "Kemper, Michael"]
[Result "1-0"]
[WhiteElo "2088"]
[BlackElo "1854"]
[PlyCount "67"]
[EventDate "2019.??.??"]
[WhiteTeam "SC Bayer Leverkusen"]
[BlackTeam "SV Dormagen"]

1. d4 d5 2. Nf3 Nf6 3. Bf4 Nbd7 4. e3 e6 5. c3 Ne4 6. Nbd2 Ndf6 7. Bd3 Be7 8.
Bxe4 Nxe4 9. Nxe4 dxe4 10. Nd2 f5 11. Qh5+ g6 12. Qh6 Bf6 13. Nc4 Qe7 14. Be5
Bd7 15. Bxc7 Bg5 16. Qh3 e5 17. Bd6 Qe6 18. Qg3 Bf6 19. dxe5 Be7 20. Nd2 Bxd6
21. exd6 Bb5 22. c4 Bd7 23. O-O O-O 24. Rac1 Rf7 25. Nb3 f4 26. exf4 Qxd6 27.
Rfd1 Qc7 28. Qe3 Re8 29. Nc5 Bg4 30. f3 Bf5 31. fxe4 Bg4 32. Rf1 Qb6 33. Qf2
Rc7 34. Nd3 1-0

[Event "17. Bayer Open"]
[Site "Leverkusen"]
[Date "2019.03.25"]
[Round "7.18"]
[White "Blomeyer, Peter"]
[Black "Schülke, Tilman"]
[Result "1/2-1/2"]
[WhiteElo "1806"]
[BlackElo "1843"]
[PlyCount "95"]
[EventDate "2019.??.??"]
[WhiteTeam "Königsspringer Leverkusen"]
[BlackTeam "Düsseldorfer SV"]

1. c4 e5 2. g3 d6 3. Bg2 g6 4. Nc3 Bg7 5. d3 h6 6. Nf3 c6 7. Bd2 Ne7 8. Qc1 Be6
9. Rb1 Nd7 10. b4 f5 11. e4 Nf8 12. b5 c5 13. Nd5 fxe4 14. dxe4 Bg4 15. Be3 Kf7
16. Nd2 Bd7 17. f4 Ne6 18. O-O exf4 19. gxf4 Bd4 20. Nb3 Bxe3+ 21. Qxe3 Nxd5
22. cxd5 Nd4 23. Nxd4 cxd4 24. Qxd4 Qb6 25. Qf2 Qxf2+ 26. Kxf2 Rhc8 27. Kg3 Rc2
28. Rf2 Rac8 29. Rb2 Rxb2 30. Rxb2 Rc5 31. a4 Kf6 32. Rb3 Rc4 33. Bf3 Rc1 34.
Re3 Ke7 35. e5 Bf5 36. Kf2 Rc4 37. Kg3 Rc5 38. h3 Rc4 39. Bg4 Rd4 40. Bxf5 gxf5
41. exd6+ Kxd6 42. Re6+ Kxd5 43. Re5+ Kd6 44. a5 Rd5 45. Re8 Rxb5 46. Rh8 Rxa5
47. Rxh6+ Ke7 48. Rh7+ 1/2-1/2